| 000 | nam a22 a 4500 | ||
|---|---|---|---|
| 999 |
_c1918 _d1918 |
||
| 003 | AKMAL | ||
| 005 | 20170512120637.0 | ||
| 008 | 170512s1988 -us 00 eng d | ||
| 020 |
_a0406658137 (pbk.): _cfree |
||
| 040 |
_aAKMAL _cAKMAL |
||
| 082 | 0 | 4 | _a345 SMI |
| 090 |
_a345 _bSMI |
||
| 100 | 1 |
_aSmith, J. C. _q(John Cyril) _93913 |
|
| 245 | 1 | 0 |
_aCriminal law / _cJ.C. Smith and Brian Hogan |
| 250 | _a6th ed. | ||
| 260 |
_aLondon : _bButterworth, _c1988 |
||
| 300 |
_acxxiii, 890p. ; _c25cm |
||
| 504 | _aIncludes bibliographical references and index | ||
| 650 |
_aCriminal law _zGreat Britain _93987 |
||
| 700 | 1 |
_aHogan, Brian _93916 |
|
| 942 |
_2ddc _cBOOK |
||